[Event "Calvia Amateur op 17th"]
[Site "Calvia"]
[Date "2020.10.17"]
[Round "8"]
[White "Rodriguez Abanto, Jesus Daniel"]
[Black "Lacrosse, Marc"]
[Result "0-1"]
[WhiteElo "1790"]
[BlackElo "2153"]
[PlyCount "75"]
[EventDate "2020.10.10"]
[EventType "swiss"]
[EventRounds "9"]
[EventCountry "ESP"]
[SourceTitle "CBM 198 Extra"]
[Source "ChessBase"]
[SourceDate "2020.11.30"]
[SourceVersion "1"]
[SourceVersionDate "2020.11.30"]
[SourceQuality "1"]

1. d4 d5 2. c4 e6 3. Nf3 Nf6 4. Nbd2 b6 5. e3 Bb7 6. Be2 Nbd7 7. 0-0 Bd6 8. cxd5 exd5 9. b3 0-0 10. Bb2 Rc8 11. Rc1 Ne4 12. Qc2 Re8 13. Rfd1 Qe7 14. Bb5 c6 15. Bd3 f5 16. Qb1 Ndf6 17. Nf1 Ng4 18. Rc2 g5 19. h3 Nh6 20. Ne5 g4 21. hxg4 fxg4 22. f3 Nc5 23. Be2 gxf3 24. gxf3 Qg5+ 25. Kh1 Nf5 26. Bd3 Bxe5 27. dxe5 Nxe3 28. Nxe3 Qxe3 29. Bxh7+ Kh8 30. Rg2 Qh6+ 31. Kg1 Qe3+ 32. Kf1 Ba6+ 33. Rd3 Bxd3+ 34. Bxd3 Qxd3+ 35. Qxd3 Nxd3 36. Ba3 c5 37. b4 c4 38. b5 0-1